000 00420nam a2200145Ia 4500
008 100204s9999 xx 000 0 und d
082 _b14854
100 _aनाईक गुरुनाथ
245 _aआघात
260 _b"बांदोडकर पब्लिशिंग हाऊस, गोवा"
_c1982
300 _a240
630 _aआघात
730 _aआघात
942 _cBOOK
999 _c459285
_d459282